[Event "EU-ch rapid"]
[White "Mitkov, Marjan"]
[Black "Pappelis, Dimitrios"]
[Site "Katowice"]
[Round "10"]
[Result "1-0"]
[Date "2017.12.17"]
[WhiteElo "2333"]
[BlackElo "2114"]
[PlyCount "131"]
[EventDate "2017.12.16"]
[EventType "swiss (rapid)"]
[EventRounds "11"]
[EventCountry "POL"]
[SourceTitle "CBM 182 Extra"]
[Source "ChessBase"]
[SourceDate "2018.02.23"]
[SourceVersion "1"]
[SourceVersionDate "2018.02.23"]
[SourceQuality "1"]

1. d4 d5 2. c4 e6 3. Nc3 c5 4. cxd5 exd5 5. Nf3 Nc6 6. g3 Nf6 7. Bg2 Be7 8. 0-0 0-0 9. Bg5 c4 10. Ne5 Be6 11. Nxc6 bxc6 12. b3 Rc8 13. bxc4 dxc4 14. Rc1 Qa5 15. Bd2 Qa3 16. Qa4 Qxa4 17. Nxa4 Rfd8 18. e3 c5 19. Ba5 Rd7 20. Nxc5 Bxc5 21. dxc5 Rxc5 22. Rb1 Rc8 23. Bb7 Rf8 24. e4 h5 25. Rfd1 Rxd1+ 26. Rxd1 Rb8 27. Bc6 Ng4 28. Bc3 Rc8 29. Ba4 Nf6 30. f3 Nh7 31. Kf2 Nf8 32. Ke3 f6 33. Rd6 Bf7 34. Ra6 Rd8 35. Bc2 Rd7 36. f4 Ne6 37. Ra5 Rc7 38. f5 Nc5 39. Bd4 Nd3 40. Bxd3 cxd3 41. Kxd3 Bc4+ 42. Ke3 a6 43. e5 fxe5 44. Rxe5 Bxa2 45. Re8+ Kf7 46. Ra8 Bc4 47. Kf4 g6 48. Rh8 Rc6 49. Rh7+ Ke8 50. f6 Bf7 51. Rh8+ Kd7 52. Ra8 Ke6 53. Ra7 Rc4 54. Ke4 Rxd4+ 55. Kxd4 Kxf6 56. Rxa6+ Kf5 57. h3 Bb3 58. Ra5+ Kf6 59. h4 Bc2 60. Ke3 Bf5 61. Kf4 Bc2 62. Ra6+ Kf7 63. Kg5 Bd3 64. Ra7+ Kg8 65. Kf6 Be4 66. Rg7+ 1-0

[Event "EU-ch blitz"]
[White "Mitkov, Marjan"]
[Black "Gdanski, Jacek"]
[Site "Katowice"]
[Round "12"]
[Result "1-0"]
[Date "2017.12.15"]
[WhiteElo "2333"]
[BlackElo "2458"]
[PlyCount "128"]
[EventDate "2017.12.15"]
[EventType "swiss (blitz)"]
[EventRounds "22"]
[EventCountry "POL"]
[SourceTitle "CBM 182 Extra"]
[Source "ChessBase"]
[SourceDate "2018.02.23"]
[SourceVersion "1"]
[SourceVersionDate "2018.02.23"]
[SourceQuality "1"]

1. d4 Nf6 2. Nf3 c5 3. d5 g6 4. Nc3 d6 5. e4 Bg7 6. Bc4 0-0 7. 0-0 Bg4 8. h3 Bxf3 9. Qxf3 Nbd7 10. Bf4 Ne5 11. Qe2 Nxc4 12. Qxc4 a6 13. a4 b6 14. Rfe1 Nd7 15. Bg3 Qc7 16. Rad1 Rfb8 17. f4 b5 18. Qe2 b4 19. Nb1 Bxb2 20. e5 Bd4+ 21. Rxd4 cxd4 22. e6 Nf8 23. exf7+ Kxf7 24. f5 b3 25. fxg6+ hxg6 26. Qf3+ Kg8 27. cxb3 Re8 28. Nd2 Qc3 29. Qf2 e5 30. Ne4 Qxb3 31. Nf6+ Kg7 32. Rf1 Qe3 33. Qxe3 dxe3 34. Nxe8+ Rxe8 35. Re1 Nd7 36. Rxe3 Nb6 37. Rb3 Nxa4 38. Rb7+ Kf6 39. Ra7 Nc5 40. Bf2 e4 41. Bd4+ Kf5 42. g4+ Kf4 43. Rf7+ Kg3 44. Bf2+ Kxh3 45. g5 e3 46. Rf3+ Kg4 47. Rxe3 Rxe3 48. Bxe3 Ne4 49. Kf1 Kf3 50. Bc1 a5 51. Ba3 a4 52. Ke1 Ke3 53. Kd1 Kd3 54. Kc1 Kc3 55. Bb2+ Kb3 56. Bf6 a3 57. Kb1 Nc3+ 58. Ka1 Nxd5 59. Bg7 Nb4 60. Kb1 a2+ 61. Kc1 Nc2 62. Kd2 a1Q 63. Bxa1 Nxa1 64. Kd3 Nc2 1-0

[Event "EU-ch blitz"]
[White "Snihur, Piotr"]
[Black "Mitkov, Marjan"]
[Site "Katowice"]
[Round "17"]
[Result "1-0"]
[Date "2017.12.15"]
[WhiteElo "2233"]
[BlackElo "2333"]
[PlyCount "93"]
[EventDate "2017.12.15"]
[EventType "swiss (blitz)"]
[EventRounds "22"]
[EventCountry "POL"]
[SourceTitle "CBM 182 Extra"]
[Source "ChessBase"]
[SourceDate "2018.02.23"]
[SourceVersion "1"]
[SourceVersionDate "2018.02.23"]
[SourceQuality "1"]

1. e4 e5 2. Nf3 Nc6 3. Bb5 a6 4. Ba4 Nf6 5. d3 d6 6. c3 Be7 7. 0-0 0-0 8. Re1 Bd7 9. Nbd2 Re8 10. Nf1 Bf8 11. Ng3 g6 12. d4 Bg7 13. Bg5 h6 14. Bd2 b5 15. Bc2 Bg4 16. d5 Ne7 17. h3 Bd7 18. Qc1 Kh7 19. Be3 c6 20. dxc6 Bxc6 21. Qd2 Qc7 22. Rad1 Rad8 23. Qe2 d5 24. exd5 Nexd5 25. Qf1 Nxe3 26. Rxe3 Nd5 27. Ree1 Nf4 28. Rxd8 Rxd8 29. Be4 Bxe4 30. Nxe4 Qc6 31. Ng3 Nxh3+ 32. Kh2 Nf4 33. Nxe5 Qc7 34. Nf3 Nh5 35. Re4 Nxg3 36. fxg3 f5 37. Re6 Rd6 38. Qe2 Rxe6 39. Qxe6 Kh8 40. Qxg6 Qd7 41. Nh4 Qd2 42. Nxf5 Qg5 43. Qxg5 hxg5 44. Nxg7 Kxg7 45. Kh3 Kg6 46. Kg4 a5 47. b3 1-0

[Event "FRM-chT 25th"]
[White "Mitkov, Marjan"]
[Black "Pancevski, Filip"]
[Site "Ohrid"]
[Round "1.1"]
[Result "0-1"]
[Date "2016.08.08"]
[WhiteElo "2328"]
[BlackElo "2497"]
[PlyCount "62"]
[EventDate "2016.08.08"]
[EventType "team-tourn"]
[EventRounds "5"]
[EventCountry "MKD"]
[SourceTitle "CBM 173 Extra"]
[Source "ChessBase"]
[SourceDate "2016.08.29"]
[SourceVersion "1"]
[SourceVersionDate "2016.08.29"]
[SourceQuality "1"]
[WhiteTeam "Skopje Gambit Asseko"]
[BlackTeam "Skopje Alkaloid"]
[WhiteTeamCountry "MKD"]
[BlackTeamCountry "MKD"]

1. d4 d6 2. Nf3 g6 3. Bf4 Bg7 4. e3 Nd7 5. h3 e5 6. Bh2 Qe7 7. Be2 Nh6 8. c4 0-0 9. Nc3 c6 10. Qc2 a6 11. a4 f5 12. 0-0-0 b5 13. Qb3 Nf7 14. Qa3 Rb8 15. axb5 axb5 16. cxb5 cxb5 17. Bxb5 e4 18. Nd2 Nb6 19. Nc4 Be6 20. Nxd6 Ra8 21. Qc5 Qa7 22. Kd2 Nxd6 23. Bxd6 Rfc8 24. Qb4 Qf7 25. Ra1 Rxa1 26. Rxa1 f4 27. exf4 g5 28. Be2 Nc4+ 29. Bxc4 Bxc4 30. Ke3 gxf4+ 31. Bxf4 Bxd4+ 0-1

[Event "FRM-chT 22nd"]
[White "Hadzi Manev, Ljubomir"]
[Black "Mitkov, Marjan"]
[Site "Struga"]
[Round "3.2"]
[Result "1/2-1/2"]
[Date "2013.07.31"]
[WhiteElo "2052"]
[BlackElo "2336"]
[PlyCount "98"]
[EventDate "2013.07.29"]
[EventType "team-tourn"]
[EventRounds "7"]
[EventCountry "MKD"]
[SourceTitle "CBM 155 Extra"]
[Source "ChessBase"]
[SourceDate "2013.08.26"]
[SourceVersion "1"]
[SourceVersionDate "2013.08.26"]
[SourceQuality "1"]
[WhiteTeam "Skopje Karposh"]
[BlackTeam "Skopje Gambit Asseko"]
[WhiteTeamCountry "MKD"]
[BlackTeamCountry "MKD"]

1. b3 d5 2. Bb2 Nf6 3. e3 Bf5 4. Nf3 e6 5. Be2 h6 6. 0-0 Nbd7 7. d4 Be7 8. Nbd2 0-0 9. c4 c6 10. Ne1 Qa5 11. Nd3 Ba3 12. Qc1 Bxb2 13. Qxb2 Rfe8 14. b4 Qc7 15. Rfc1 a5 16. b5 Bxd3 17. Bxd3 c5 18. cxd5 Nxd5 19. dxc5 Nxc5 20. Qd4 b6 21. Ne4 Rac8 22. Nxc5 bxc5 23. Qe4 Nf6 24. Qc4 Red8 25. Rab1 Qb6 26. Be2 Nd5 27. Bf3 Rd6 28. Rd1 Ne7 29. Rxd6 Qxd6 30. b6 Rb8 31. Qb5 a4 32. b7 Nd5 33. Bxd5 exd5 34. Qxa4 d4 35. exd4 cxd4 36. Qb4 Qd5 37. Rb2 d3 38. h3 d2 39. Rxd2 Rxb7 40. Rxd5 Rxb4 41. Rd2 Rb1+ 42. Kh2 Kf8 43. Re2 g5 44. Kg3 Kg7 45. Kf3 Ra1 46. Rb2 Re1 47. g3 h5 48. Re2 Rh1 49. Kg2 Ra1 1/2-1/2

[Event "EU-Cup 28th"]
[White "Mitkov, Marjan"]
[Black "Nakar, Eylon"]
[Site "Eilat"]
[Round "4.2"]
[Result "1-0"]
[Date "2012.10.14"]
[WhiteElo "2331"]
[BlackElo "2397"]
[PlyCount "110"]
[EventDate "2012.10.11"]
[EventType "team-swiss"]
[EventRounds "7"]
[EventCountry "ISR"]
[SourceTitle "CBM 151"]
[Source "ChessBase"]
[SourceDate "2012.11.13"]
[SourceVersion "1"]
[SourceVersionDate "2012.11.13"]
[SourceQuality "1"]
[WhiteTeam "Gambit Asseco See"]
[BlackTeam "Petah Tikva"]
[WhiteTeamCountry "MKD"]
[BlackTeamCountry "ISR"]

1. d4 Nf6 2. c4 g6 3. Nc3 Bg7 4. e4 d6 5. Nf3 0-0 6. h3 e5 7. d5 a5 8. Be3 Na6 9. g4 Nd7 10. Nd2 Ndc5 11. a3 Bd7 12. Rg1 Kh8 13. Qc2 f5 14. 0-0-0 f4 15. Bxc5 Nxc5 16. Nf3 c6 17. Kb1 Qb8 18. h4 Be8 19. Ng5 Bf6 20. dxc6 bxc6 21. Na4 Bxg5 22. hxg5 Ne6 23. c5 dxc5 24. Nxc5 Nxg5 25. Qc3 Qc7 26. Bc4 Qe7 27. Ba2 Ra7 28. Rd3 Bf7 29. Bxf7 Nxf7 30. Rgd1 Rd8 31. Rxd8+ Nxd8 32. Nd3 Nf7 33. Qxc6 Rd7 34. f3 Ng5 35. Qc3 Nxf3 36. Rf1 Nd4 37. Qxa5 Nb3 38. Qxe5+ Qxe5 39. Nxe5 Re7 40. Kc2 Rxe5 41. Kxb3 Rxe4 42. a4 Kg7 43. a5 Kf6 44. Ka3 Ke7 45. b4 Kd6 46. Ka4 h5 47. gxh5 gxh5 48. Rc1 f3 49. a6 Re7 50. Ka5 f2 51. Rf1 Rf7 52. Kb6 Kd5 53. a7 Rf6+ 54. Kb5 Rf8 55. Rxf2 Ra8 1-0

[Event "EU-Cup 27th"]
[White "Nikolov, Momchil"]
[Black "Mitkov, Marjan"]
[Site "Rogaska Slatina"]
[Round "5"]
[Result "1-0"]
[Date "2011.09.29"]
[WhiteElo "2578"]
[BlackElo "2358"]
[PlyCount "77"]
[EventDate "2011.09.25"]
[EventType "team-swiss"]
[EventRounds "7"]
[EventCountry "SLO"]
[SourceTitle "CBM 145"]
[Source "ChessBase"]
[SourceDate "2011.11.11"]
[SourceVersion "1"]
[SourceVersionDate "2011.11.11"]
[SourceQuality "1"]
[WhiteTeam "Naiden Voinov"]
[BlackTeam "Gambit Asseco See"]
[WhiteTeamCountry "BUL"]
[BlackTeamCountry "MKD"]

1. d4 Nf6 2. c4 e6 3. Nc3 d5 4. Nf3 Bb4 5. cxd5 exd5 6. Bg5 Nbd7 7. Qc2 c5 8. g3 Qa5 9. Bd2 0-0 10. Bg2 Ne4 11. Nxd5 Nxd2 12. Nxd2 cxd4 13. Nxb4 Qxb4 14. 0-0 Nf6 15. a3 Qb6 16. Nc4 Qc7 17. Rac1 Be6 18. Qd2 Bxc4 19. Qxd4 Rac8 20. b3 b5 21. bxc4 Rfd8 22. Qh4 Qc5 23. Bb7 Rb8 24. cxb5 Qxb5 25. Bf3 Qa5 26. Rc4 Qxa3 27. Ra4 Qc5 28. Rfa1 Rd7 29. Bg2 h6 30. Qf4 Rc8 31. Ra5 Qe7 32. Ra6 Rcc7 33. R1a5 Qd8 34. h4 Re7 35. Rd6 Rcd7 36. Rda6 Qc7 37. Qa4 Kh7 38. Rc6 Qb8 39. Qc2+ 1-0

[Event "Sunny Beach op 10th"]
[White "Mitkov, Marjan"]
[Black "Kaniansky, Miroslav"]
[Site "Sunny Beach"]
[Round "8"]
[Result "0-1"]
[Date "2011.09.03"]
[WhiteElo "2363"]
[BlackElo "2199"]
[PlyCount "66"]
[EventDate "2011.08.27"]
[EventType "swiss"]
[EventRounds "9"]
[EventCountry "BUL"]
[SourceTitle "CBM 144 Extra"]
[Source "ChessBase"]
[SourceDate "2011.10.28"]
[SourceVersion "1"]
[SourceVersionDate "2011.10.28"]
[SourceQuality "1"]

1. d4 d5 2. c4 c6 3. Nf3 Nf6 4. Qc2 e6 5. Bg5 Be7 6. Nc3 h6 7. Bxf6 Bxf6 8. e3 Nd7 9. Rd1 0-0 10. a3 a6 11. Bd3 b5 12. cxd5 cxd5 13. 0-0 Bb7 14. Qb3 Qb6 15. Bb1 Rfc8 16. Ne2 a5 17. Nf4 b4 18. Qd3 Nf8 19. Rfe1 Ba6 20. Qd2 bxa3 21. bxa3 Be7 22. e4 Bxa3 23. Nh5 Bb4 24. Nf6+ gxf6 25. Qxh6 Bxe1 26. e5 f5 27. Rxe1 Rab8 28. g4 Qxb1 29. Rxb1 Rxb1+ 30. Kg2 fxg4 31. Qg5+ Ng6 32. Qxg4 Bf1+ 33. Kg3 Be2 0-1

[Event "Sunny Beach op 10th"]
[White "Mitkov, Marjan"]
[Black "Dimov, Danail"]
[Site "Sunny Beach"]
[Round "4"]
[Result "1-0"]
[Date "2011.08.30"]
[WhiteElo "2363"]
[BlackElo "1955"]
[PlyCount "59"]
[EventDate "2011.08.27"]
[EventType "swiss"]
[EventRounds "9"]
[EventCountry "BUL"]
[SourceTitle "CBM 144 Extra"]
[Source "ChessBase"]
[SourceDate "2011.10.28"]
[SourceVersion "1"]
[SourceVersionDate "2011.10.28"]
[SourceQuality "1"]

1. d4 d5 2. c4 e6 3. Nc3 Nf6 4. Bg5 Be7 5. e3 Nbd7 6. Nf3 0-0 7. Qc2 c6 8. cxd5 exd5 9. Bd3 Re8 10. 0-0 Nf8 11. h3 g6 12. Rab1 a5 13. a3 Ne6 14. Bxf6 Bxf6 15. b4 axb4 16. axb4 Ng7 17. b5 Bf5 18. Bxf5 Nxf5 19. bxc6 bxc6 20. Na4 Qd6 21. Rfc1 Rac8 22. Rb6 Ne7 23. Nc5 Rb8 24. Ra6 Ra8 25. Qa4 Rxa6 26. Qxa6 Qc7 27. Rb1 Rb8 28. Rxb8+ Qxb8 29. Nd7 Qd6 30. Qa8+ 1-0

[Event "FRM-chT 20th"]
[White "Mitkov, Marjan"]
[Black "Stojanovic, Mihajlo"]
[Site "Struga"]
[Round "1"]
[Result "1/2-1/2"]
[Date "2011.08.08"]
[WhiteElo "2363"]
[BlackElo "2591"]
[PlyCount "54"]
[EventDate "2011.08.08"]
[EventType "team-tourn"]
[EventRounds "7"]
[EventCountry "MKD"]
[SourceTitle "CBM 143 Extra"]
[Source "ChessBase"]
[SourceDate "2011.08.29"]
[SourceVersion "1"]
[SourceVersionDate "2011.08.29"]
[SourceQuality "1"]
[WhiteTeam "Skopje Aseko See"]
[BlackTeam "Skopje Kisela Voda"]
[WhiteTeamCountry "MKD"]
[BlackTeamCountry "MKD"]

1. d4 Nf6 2. c4 e6 3. Nf3 d5 4. Nc3 Nbd7 5. cxd5 exd5 6. Bg5 Be7 7. e3 0-0 8. Qc2 Re8 9. Bd3 c6 10. h3 Nf8 11. Bf4 Ng6 12. Bh2 Bd6 13. Bxd6 Qxd6 14. 0-0 Re7 15. Rab1 Bd7 16. b4 a6 17. a4 Rae8 18. b5 axb5 19. axb5 Ne4 20. bxc6 bxc6 21. Rb6 h6 22. Rc1 Kh7 23. Bxe4 dxe4 24. Nd2 Bf5 25. Ne2 Bd7 26. Qc5 Qd5 27. Qxd5 cxd5 1/2-1/2

[Event "FRM-ch 20th"]
[White "Mitkov, Marjan"]
[Black "Pancevski, Filip"]
[Site "Skopje"]
[Round "9"]
[Result "1/2-1/2"]
[Date "2011.05.19"]
[WhiteElo "2374"]
[BlackElo "2399"]
[PlyCount "64"]
[EventDate "2011.05.10"]
[EventType "tourn"]
[EventRounds "9"]
[EventCountry "MKD"]
[EventCategory "7"]
[SourceTitle "CBM 142 Extra"]
[Source "ChessBase"]
[SourceDate "2011.06.27"]
[SourceVersion "1"]
[SourceVersionDate "2011.06.27"]
[SourceQuality "1"]

1. d4 g6 2. Nf3 Bg7 3. Bf4 f5 4. e3 Nf6 5. Nbd2 d6 6. Bc4 e6 7. h4 Qe7 8. Bg5 h6 9. Bxf6 Bxf6 10. e4 Nc6 11. c3 d5 12. e5 Bxe5 13. Nxe5 Nxe5 14. dxe5 dxc4 15. Nxc4 Bd7 16. Qd4 b6 17. Ne3 0-0-0 18. 0-0-0 Rdf8 19. Qc4 Kb7 20. Nc2 Rd8 21. Nd4 a6 22. b4 Rc8 23. Qd3 Ba4 24. Qf3+ c6 25. Nb3 Rhd8 26. h5 g5 27. Rxd8 Rxd8 28. Rd1 Rxd1+ 29. Qxd1 Kc7 30. Qe2 Bxb3 31. axb3 Kb7 32. Qd3 Qc7 1/2-1/2

[Event "FRM-ch 20th"]
[White "Mitkov, Marjan"]
[Black "Colovic, Aleksandar"]
[Site "Skopje"]
[Round "5"]
[Result "0-1"]
[Date "2011.05.14"]
[WhiteElo "2374"]
[BlackElo "2451"]
[PlyCount "54"]
[EventDate "2011.05.10"]
[EventType "tourn"]
[EventRounds "9"]
[EventCountry "MKD"]
[EventCategory "7"]
[SourceTitle "CBM 142 Extra"]
[Source "ChessBase"]
[SourceDate "2011.06.27"]
[SourceVersion "1"]
[SourceVersionDate "2011.06.27"]
[SourceQuality "1"]

1. d4 d5 2. Nf3 Nf6 3. c4 e6 4. Nc3 Be7 5. Bg5 h6 6. Bh4 0-0 7. e3 Ne4 8. Bxe7 Qxe7 9. Qc2 Nxc3 10. Qxc3 dxc4 11. Bxc4 b6 12. Rc1 Bb7 13. 0-0 Nd7 14. Be2 Rfc8 15. Rfd1 c5 16. Qa3 a5 17. Bb5 Bxf3 18. gxf3 Rd8 19. Kf1 Qf6 20. Bxd7 Rxd7 21. dxc5 Rxd1+ 22. Rxd1 Qxf3 23. Rd6 bxc5 24. Qxc5 Qh1+ 25. Ke2 Qxh2 26. b3 Qg1 27. Qd4 Qg5 0-1